000 00364nam a2200109Ia 4500
008 160909s9999 xx 000 0 und d
100 _aGasta, Mark R.
245 _aDriving employee engagement through greater purpose
260 _bPepperdine University.
_c2016
650 _aFINANCIAL MANAGEMENT
856 _uhttp://pqdtopen.proquest.com/doc/1794656038.html?FMT=ABS
999 _c304602
_d304602